[Event "Vlissingen HZ op 23rd"]
[Site "Vlissingen"]
[Date "2019.08.08"]
[Round "7"]
[White "Grooten, Herman"]
[Black "Stange, Sven"]
[Result "1/2-1/2"]
[WhiteElo "2310"]
[BlackElo "2167"]
[PlyCount "105"]
[EventDate "2019.08.03"]
[EventType "swiss"]
[EventRounds "9"]
[EventCountry "NED"]
[SourceTitle "CBM 191 Extra"]
[Source "ChessBase"]
[SourceDate "2019.09.30"]
[SourceVersion "1"]
[SourceVersionDate "2019.09.30"]
[SourceQuality "1"]

1. d4 Nf6 2. c4 e6 3. Nf3 b6 4. g3 Ba6 5. Qa4 Bb7 6. Bg2 c5 7. dxc5 Bxc5 8. Nc3 0-0 9. Bf4 d5 10. Rd1 Qe7 11. 0-0 dxc4 12. Qxc4 Nd5 13. Bg5 Qc7 14. Nxd5 Bxd5 15. Qh4 Nc6 16. a3 Ne7 17. Bf4 Qb7 18. Qh5 a5 19. Bd2 a4 20. Bc3 f6 21. Qh3 Qc8 22. Rc1 e5 23. Qxc8 Raxc8 24. Nd2 Bxg2 25. Kxg2 Nd5 26. Ne4 Be7 27. Rfd1 Rfd8 28. g4 Kf7 29. Kf3 Ke6 30. Rd3 g6 31. Ng3 Nf4 32. Rxd8 Rxd8 33. Be1 f5 34. gxf5+ gxf5 35. Rc6+ Rd6 36. Rxd6+ Bxd6 37. e4 fxe4+ 38. Nxe4 Bc5 39. Bc3 Kf5 40. Ng3+ Ke6 41. Ke4 Bxf2 42. Bxe5 Bxg3 43. hxg3 Nd5 44. Kd4 b5 45. Bg7 b4 46. axb4 Nxb4 47. Bf8 Nd5 48. Bh6 Nf6 49. Kc4 Ne4 50. Bf4 Nf2 51. g4 Nxg4 52. Kb4 Nf2 53. Kxa4 1/2-1/2

[Event "Vlissingen HZ op 23rd"]
[Site "Vlissingen"]
[Date "2019.08.05"]
[Round "4"]
[White "Stange, Sven"]
[Black "Kunnavakkam, Sudarshanagopal Vin"]
[Result "1-0"]
[WhiteElo "2167"]
[BlackElo "1744"]
[PlyCount "93"]
[EventDate "2019.08.03"]
[EventType "swiss"]
[EventRounds "9"]
[EventCountry "NED"]
[SourceTitle "CBM 191 Extra"]
[Source "ChessBase"]
[SourceDate "2019.09.30"]
[SourceVersion "1"]
[SourceVersionDate "2019.09.30"]
[SourceQuality "1"]

1. d4 Nf6 2. c4 c5 3. d5 e6 4. Nc3 exd5 5. cxd5 d6 6. Nf3 g6 7. Bf4 Bg7 8. Qa4+ Bd7 9. Qb3 Qc7 10. e4 0-0 11. Nd2 Re8 12. Be2 b5 13. Bxb5 Nxe4 14. Ncxe4 f5 15. 0-0 fxe4 16. Nc4 Bf8 17. Rad1 a6 18. Bxd7 Nxd7 19. Qg3 Nf6 20. Bxd6 Bxd6 21. Nxd6 Re7 22. Nc4 Qxg3 23. hxg3 Rd8 24. d6 Red7 25. Rd2 Ne8 26. Rfd1 Kg7 27. Rd5 Kf6 28. Rxc5 Nxd6 29. Rc6 Ke7 30. Rcxd6 Rxd6 31. Rxd6 Rxd6 32. Nxd6 Kxd6 33. Kf1 Kd5 34. Ke2 Kd4 35. Kd2 h5 36. Kc2 a5 37. Kd2 g5 38. Ke2 h4 39. gxh4 gxh4 40. Kd2 a4 41. Ke2 Kd5 42. Ke3 Ke5 43. b3 a3 44. b4 Kd5 45. b5 Kc5 46. Kxe4 Kxb5 47. Kd4 1-0

[Event "Vlissingen HZ op 23rd"]
[Site "Vlissingen"]
[Date "2019.08.04"]
[Round "3"]
[White "Ikonnikov, Vyacheslav"]
[Black "Stange, Sven"]
[Result "1-0"]
[WhiteElo "2497"]
[BlackElo "2167"]
[PlyCount "79"]
[EventDate "2019.08.03"]
[EventType "swiss"]
[EventRounds "9"]
[EventCountry "NED"]
[SourceTitle "CBM 191 Extra"]
[Source "ChessBase"]
[SourceDate "2019.09.30"]
[SourceVersion "1"]
[SourceVersionDate "2019.09.30"]
[SourceQuality "1"]

1. d4 Nf6 2. Nf3 e6 3. c4 b6 4. g3 Ba6 5. b3 Bb4+ 6. Bd2 Be7 7. Bg2 c6 8. 0-0 d5 9. Qc2 0-0 10. Rd1 Nbd7 11. a4 Ne4 12. Be1 Qc7 13. cxd5 exd5 14. Nc3 Nxc3 15. Bxc3 Bf6 16. Rac1 Rfe8 17. e3 Bb7 18. b4 Rac8 19. Bh3 Rcd8 20. Ne1 Ba6 21. b5 cxb5 22. Bf1 b4 23. Bxa6 bxc3 24. Qb3 Nb8 25. Rxc3 Nxa6 26. Rxc7 Nxc7 27. Rc1 Re7 28. Nd3 Rdd7 29. Rc3 g6 30. Nb4 Re8 31. Qc2 Bd8 32. Nc6 Ne6 33. Ne5 Rc7 34. Rxc7 Bxc7 35. Qc6 Rd8 36. Nd7 Kg7 37. e4 Bb8 38. Nxb8 Rxb8 39. exd5 Nxd4 40. Qc3 1-0

[Event "Vlissingen HZ op 21st"]
[Site "Vlissingen"]
[Date "2017.08.12"]
[Round "9"]
[White "Huesmann, Thomas"]
[Black "Stange, Sven"]
[Result "1/2-1/2"]
[WhiteElo "2279"]
[BlackElo "2140"]
[PlyCount "134"]
[EventDate "2017.08.05"]
[EventType "swiss"]
[EventRounds "9"]
[EventCountry "NED"]
[SourceTitle "CBM 179 Extra"]
[Source "ChessBase"]
[SourceDate "2017.08.23"]
[SourceVersion "1"]
[SourceVersionDate "2017.08.23"]
[SourceQuality "1"]

1. e4 e5 2. Nf3 Nf6 3. Qe2 Nc6 4. d3 Bc5 5. h3 h6 6. c3 0-0 7. g4 Nh7 8. Bg2 d5 9. Nbd2 Be6 10. Nf1 dxe4 11. dxe4 Qd7 12. Ng3 Rad8 13. b4 Bb6 14. 0-0 Qd3 15. Qb2 Bc4 16. a4 a6 17. Re1 Ng5 18. Bxg5 hxg5 19. Nf5 f6 20. Ne3 Bxe3 21. Rxe3 Qd7 22. Bf1 Bxf1 23. Kxf1 Qe6 24. Nd2 Ne7 25. Qb3 Qf7 26. Qxf7+ Rxf7 27. Nb3 Ng6 28. Nc5 b6 29. Nxa6 Nf4 30. b5 Rfd7 31. Nb4 Rd1+ 32. Rxd1 Rxd1+ 33. Re1 Rd2 34. Ra1 Nxh3 35. Ra2 Rd1+ 36. Ke2 Rg1 37. Kf3 Nf4 38. Nd5 Rh1 39. Nxf4 gxf4 40. Ke2 Rc1 41. Kd3 Kf7 42. a5 bxa5 43. Rxa5 Ke7 44. Ra7 Kd6 45. Ra6+ Kd7 46. g5 Rf1 47. gxf6 gxf6 48. Ke2 Rb1 49. c4 Rc1 50. Rc6 Rc3 51. Rc5 Kd6 52. Rd5+ Ke6 53. c5 f5 54. b6 cxb6 55. Rd6+ Ke7 56. exf5 Rxc5 57. Re6+ Kf7 58. Kf3 b5 59. Rb6 Rc1 60. Rxb5 Kf6 61. Rb8 Kxf5 62. Rf8+ Ke6 63. Re8+ Kf6 64. Rf8+ Ke7 65. Ra8 Ke6 66. Re8+ Kf6 67. Rf8+ Ke6 1/2-1/2

[Event "Vlissingen HZ op 21st"]
[Site "Vlissingen"]
[Date "2017.08.09"]
[Round "6"]
[White "Stange, Sven"]
[Black "Lammens, Tim"]
[Result "1/2-1/2"]
[WhiteElo "2140"]
[BlackElo "2304"]
[PlyCount "43"]
[EventDate "2017.08.05"]
[EventType "swiss"]
[EventRounds "9"]
[EventCountry "NED"]
[SourceTitle "CBM 179 Extra"]
[Source "ChessBase"]
[SourceDate "2017.08.23"]
[SourceVersion "1"]
[SourceVersionDate "2017.08.23"]
[SourceQuality "1"]

1. d4 Nf6 2. c4 g6 3. Nc3 d5 4. Bf4 Bg7 5. e3 0-0 6. Rc1 Be6 7. Qb3 c5 8. Qxb7 Qb6 9. Qxb6 axb6 10. dxc5 bxc5 11. Nf3 dxc4 12. Ng5 Bd5 13. e4 Bb7 14. Bxc4 h6 15. Nf3 Nxe4 16. Be3 Nxc3 17. bxc3 Ra4 18. Bb3 Rg4 19. h3 Rxg2 20. Bd1 Nd7 21. Kf1 Rg5 22. Bxg5 1/2-1/2

[Event "Vlissingen HZ op 19th"]
[Site "Vlissingen"]
[Date "2015.08.06"]
[Round "7"]
[White "Stange, Sven"]
[Black "De Boer, Eelke"]
[Result "0-1"]
[WhiteElo "2108"]
[BlackElo "1976"]
[PlyCount "88"]
[EventDate "2015.08.01"]
[EventType "swiss"]
[EventRounds "9"]
[EventCountry "NED"]
[SourceTitle "CBM 167 Extra"]
[Source "ChessBase"]
[SourceDate "2015.09.14"]
[SourceVersion "1"]
[SourceVersionDate "2015.09.14"]
[SourceQuality "1"]

1. d4 f5 2. Nc3 Nf6 3. Bg5 d5 4. Bxf6 exf6 5. e3 c6 6. Bd3 Bd6 7. Nge2 Qe7 8. Qd2 g6 9. h4 h5 10. 0-0-0 Kf7 11. Nf4 b5 12. Rh3 b4 13. Na4 Nd7 14. Be2 Nb6 15. Nc5 Re8 16. Ncd3 Nc4 17. Qe1 Rg8 18. b3 Na3 19. Rg3 Bb7 20. Rxg6 Rxg6 21. Bxh5 Rag8 22. Nxg6 Rxg6 23. f4 Qf8 24. g4 Qh6 25. Bxg6+ Kxg6 26. g5 fxg5 27. hxg5 Qh3 28. Rd2 Ba6 29. Qg1 Bxd3 30. cxd3 Qf3 31. Rh2 Bxf4 32. exf4 Qxd3 33. Qh1 Qb1+ 34. Kd2 Qxa2+ 35. Ke3 Qxb3+ 36. Kf2 Qc2+ 37. Kg3 Qd3+ 38. Qf3 Qxf3+ 39. Kxf3 b3 40. Rh6+ Kg7 41. Rxc6 b2 42. Rc7+ Kg6 43. Rc6+ Kf7 44. Rc7+ Ke6 0-1

[Event "Vlissingen HZ op 19th"]
[Site "Vlissingen"]
[Date "2015.08.05"]
[Round "6"]
[White "Westerweele, Henrik"]
[Black "Stange, Sven"]
[Result "1/2-1/2"]
[WhiteElo "1904"]
[BlackElo "2108"]
[PlyCount "33"]
[EventDate "2015.08.01"]
[EventType "swiss"]
[EventRounds "9"]
[EventCountry "NED"]
[SourceTitle "CBM 167 Extra"]
[Source "ChessBase"]
[SourceDate "2015.09.14"]
[SourceVersion "1"]
[SourceVersionDate "2015.09.14"]
[SourceQuality "1"]

1. e4 e5 2. Nf3 Nf6 3. Nxe5 d6 4. Nf3 Nxe4 5. Nc3 Nxc3 6. dxc3 Be7 7. Bf4 Nc6 8. Qd2 Be6 9. 0-0-0 Qd7 10. Bb5 a6 11. Be2 0-0-0 12. Kb1 Bf6 13. Rhe1 h6 14. Be3 Kb8 15. Nd4 Nxd4 16. Bxd4 Bxd4 17. cxd4 1/2-1/2

[Event "Vlissingen HZ op 19th"]
[Site "Vlissingen"]
[Date "2015.08.04"]
[Round "5"]
[White "De Jong, Migchiel"]
[Black "Stange, Sven"]
[Result "1-0"]
[WhiteElo "2319"]
[BlackElo "2108"]
[PlyCount "27"]
[EventDate "2015.08.01"]
[EventType "swiss"]
[EventRounds "9"]
[EventCountry "NED"]
[SourceTitle "CBM 167 Extra"]
[Source "ChessBase"]
[SourceDate "2015.09.14"]
[SourceVersion "1"]
[SourceVersionDate "2015.09.14"]
[SourceQuality "1"]

1. Nf3 Nf6 2. c4 e6 3. g3 b6 4. Bg2 Bb7 5. d4 Be7 6. 0-0 0-0 7. Re1 d6 8. Nc3 Ne4 9. Qc2 Nxc3 10. Ng5 Bxg5 11. Bxb7 Bxc1 12. bxc3 Bh6 13. Bxa8 c6 14. d5 1-0

[Event "Vlissingen HZ op 18th"]
[Site "Vlissingen"]
[Date "2014.08.09"]
[Round "9"]
[White "Stange, Sven"]
[Black "Schouten, Jordy"]
[Result "1-0"]
[WhiteElo "2137"]
[BlackElo "1984"]
[PlyCount "61"]
[EventDate "2014.08.02"]
[EventType "swiss"]
[EventRounds "9"]
[EventCountry "NED"]
[SourceTitle "CBM 161 Extra"]
[Source "ChessBase"]
[SourceDate "2014.08.29"]
[SourceVersion "1"]
[SourceVersionDate "2014.08.29"]
[SourceQuality "1"]

1. d4 f5 2. g3 e6 3. Bg2 Nf6 4. c4 d5 5. Bf4 c6 6. Nc3 Be7 7. Nf3 0-0 8. c5 b5 9. cxb6 axb6 10. Ne5 Nfd7 11. Nd3 c5 12. Nxd5 Ra7 13. Nxe7+ Qxe7 14. dxc5 bxc5 15. Qb3 Ba6 16. Qc3 Bxd3 17. Qxd3 e5 18. Bd2 e4 19. Qd5+ Kh8 20. 0-0 Nb6 21. Qb3 N8d7 22. f3 exf3 23. exf3 c4 24. Qe3 Qf7 25. Rfe1 h6 26. f4 c3 27. Bxc3 Rxa2 28. Rxa2 Qxa2 29. Qe7 Rf7 30. Qe8+ Rf8 31. Qg6 1-0

[Event "Vlissingen HZ op 18th"]
[Site "Vlissingen"]
[Date "2014.08.03"]
[Round "2"]
[White "Hausrath, Daniel"]
[Black "Stange, Sven"]
[Result "1-0"]
[WhiteElo "2530"]
[BlackElo "2137"]
[PlyCount "63"]
[EventDate "2014.08.02"]
[EventType "swiss"]
[EventRounds "9"]
[EventCountry "NED"]
[SourceTitle "CBM 161 Extra"]
[Source "ChessBase"]
[SourceDate "2014.08.29"]
[SourceVersion "1"]
[SourceVersionDate "2014.08.29"]
[SourceQuality "1"]

1. Nf3 Nf6 2. g3 d5 3. Bg2 c6 4. c4 Bg4 5. Ne5 Be6 6. cxd5 Bxd5 7. Nf3 c5 8. Nc3 Bc6 9. 0-0 e6 10. d3 Be7 11. e4 0-0 12. Qe2 b5 13. a4 bxa4 14. Rd1 Qc7 15. d4 cxd4 16. Nxd4 e5 17. Nf5 g6 18. Nxe7+ Qxe7 19. Bg5 Nbd7 20. Rxd7 Bxd7 21. Qf3 Kg7 22. Nd5 Nxd5 23. Bxe7 Nxe7 24. Qc3 Nc6 25. Rd1 Be8 26. Rd6 Nd4 27. Qc5 f6 28. f4 Nb3 29. Qc7+ Rf7 30. Qc4 Rb8 31. fxe5 fxe5 32. Qe6 1-0

[Event "Vlissingen HZ op 17th"]
[Site "Vlissingen"]
[Date "2013.08.09"]
[Round "8"]
[White "Stange, Sven"]
[Black "Sparreboom, Willem"]
[Result "1-0"]
[WhiteElo "2137"]
[BlackElo "1977"]
[PlyCount "31"]
[EventDate "2013.08.03"]
[EventType "swiss"]
[EventRounds "9"]
[EventCountry "NED"]
[SourceTitle "CBM 155 Extra"]
[Source "ChessBase"]
[SourceDate "2013.08.26"]
[SourceVersion "1"]
[SourceVersionDate "2013.08.26"]
[SourceQuality "1"]

1. d4 d5 2. c4 c6 3. Nf3 Nf6 4. Nc3 Bf5 5. Bf4 dxc4 6. a4 e6 7. g3 Bb4 8. Ne5 0-0 9. Bg2 Nbd7 10. Nxc4 Ne4 11. Qb3 a5 12. 0-0 Ndf6 13. Rad1 Qe7 14. f3 Nd6 15. Bxd6 Bxd6 16. e4 1-0

[Event "Vlissingen HZ op 17th"]
[Site "Vlissingen"]
[Date "2013.08.08"]
[Round "7"]
[White "Cebula, Jerzy"]
[Black "Stange, Sven"]
[Result "1/2-1/2"]
[WhiteElo "1981"]
[BlackElo "2137"]
[PlyCount "75"]
[EventDate "2013.08.03"]
[EventType "swiss"]
[EventRounds "9"]
[EventCountry "NED"]
[SourceTitle "CBM 155 Extra"]
[Source "ChessBase"]
[SourceDate "2013.08.26"]
[SourceVersion "1"]
[SourceVersionDate "2013.08.26"]
[SourceQuality "1"]

1. e4 e5 2. Nf3 Nf6 3. Nc3 Bb4 4. Nxe5 0-0 5. Be2 Re8 6. Nd3 Bxc3 7. dxc3 Nxe4 8. 0-0 d5 9. Nf4 c6 10. c4 d4 11. Re1 Na6 12. Nd3 Be6 13. f3 Nd6 14. b3 Nf5 15. Bb2 Qa5 16. Qc1 Rad8 17. c3 c5 18. a3 Qb6 19. cxd4 Nxd4 20. Bxd4 Rxd4 21. Qc3 Red8 22. Rad1 Bf5 23. Nf2 Nc7 24. Bd3 Bxd3 25. Rxd3 Ne6 26. Rde3 Rd2 27. Ne4 Ra2 28. a4 h6 29. Qe5 Qc7 30. Qxc7 Nxc7 31. R3e2 Rxe2 32. Rxe2 Ne6 33. Rd2 Rxd2 34. Nxd2 Nd4 35. Kf2 Kf8 36. Ke3 Ke7 37. Kd3 a5 38. Ke3 1/2-1/2

[Event "Vlissingen HZ op 17th"]
[Site "Vlissingen"]
[Date "2013.08.06"]
[Round "5"]
[White "Bekkink, Sereyo"]
[Black "Stange, Sven"]
[Result "1/2-1/2"]
[WhiteElo "1937"]
[BlackElo "2137"]
[PlyCount "41"]
[EventDate "2013.08.03"]
[EventType "swiss"]
[EventRounds "9"]
[EventCountry "NED"]
[SourceTitle "CBM 155 Extra"]
[Source "ChessBase"]
[SourceDate "2013.08.26"]
[SourceVersion "1"]
[SourceVersionDate "2013.08.26"]
[SourceQuality "1"]

1. e4 e5 2. Nf3 Nf6 3. Nxe5 d6 4. Nf3 Nxe4 5. Nc3 Nxc3 6. dxc3 Be7 7. Be3 Nc6 8. Qd2 Be6 9. 0-0-0 Qd7 10. Kb1 Bf6 11. Bg5 Bxg5 12. Qxg5 f6 13. Qe3 0-0 14. Nd4 Bf7 15. Nxc6 bxc6 16. Bd3 Rfe8 17. Qf4 Re5 18. g4 c5 19. g5 Qe6 20. gxf6 Qxf6 21. Qxf6 1/2-1/2

[Event "Vlissingen HZ op 16th"]
[Site "Vlissingen"]
[Date "2012.08.09"]
[Round "7"]
[White "Haimovich, Tal"]
[Black "Stange, Sven"]
[Result "1-0"]
[WhiteElo "2388"]
[BlackElo "2122"]
[PlyCount "93"]
[EventDate "2012.08.04"]
[EventType "swiss"]
[EventRounds "9"]
[EventCountry "NED"]
[SourceTitle "CBM 149 Extra"]
[Source "ChessBase"]
[SourceDate "2012.08.24"]
[SourceVersion "1"]
[SourceVersionDate "2012.08.24"]
[SourceQuality "1"]

1. d4 Nf6 2. c4 e6 3. Nc3 Bb4 4. a3 Bxc3+ 5. bxc3 c5 6. e3 b6 7. Ne2 Bb7 8. Ng3 0-0 9. f3 Nc6 10. Bd3 Na5 11. e4 Ne8 12. 0-0 Rc8 13. d5 e5 14. f4 d6 15. Nf5 Rc7 16. Ra2 Ba6 17. Ne3 f6 18. Raf2 Rff7 19. Rf3 Kf8 20. Rh3 g6 21. Be2 Bc8 22. Rg3 Kg8 23. Bg4 Bxg4 24. Nxg4 Kh8 25. Qe2 Qe7 26. Rgf3 Rd7 27. fxe5 dxe5 28. Bg5 Rd6 29. Nh6 Rf8 30. h4 Ng7 31. Qf2 Nh5 32. Ng4 Nf4 33. Bxf4 exf4 34. Rxf4 Nxc4 35. Nxf6 Ne5 36. Ng4 Rxf4 37. Qxf4 Nxg4 38. Qxg4 Kg7 39. Qf4 b5 40. Rf3 a5 41. h5 Rf6 42. Qg5 h6 43. Qxf6+ Qxf6 44. Rxf6 Kxf6 45. e5+ Kf7 46. e6+ Kf6 47. e7 1-0

[Event "Vlissingen HZ op 15th"]
[Site "Vlissingen"]
[Date "2011.08.06"]
[Round "9"]
[White "Heltzel, Joost"]
[Black "Stange, Sven"]
[Result "1/2-1/2"]
[WhiteElo "2225"]
[BlackElo "2110"]
[PlyCount "38"]
[EventDate "2011.07.30"]
[EventType "swiss"]
[EventRounds "9"]
[EventCountry "NED"]
[SourceTitle "CBM 143 Extra"]
[Source "ChessBase"]
[SourceDate "2011.08.29"]
[SourceVersion "1"]
[SourceVersionDate "2011.08.29"]
[SourceQuality "1"]

1. e4 e5 2. Nf3 Nf6 3. Nxe5 d6 4. Nf3 Nxe4 5. Nc3 Nxc3 6. dxc3 Be7 7. Be3 0-0 8. Qd2 Nc6 9. 0-0-0 Ne5 10. Kb1 Be6 11. Nd4 Nc4 12. Qd3 Nxe3 13. Nxe6 fxe6 14. Qxe3 Rf6 15. f4 Qf8 16. g3 Kh8 17. Bh3 e5 18. fxe5 dxe5 19. Rhf1 Rd8 1/2-1/2

[Event "Vlissingen HZ op 15th"]
[Site "Vlissingen"]
[Date "2011.08.01"]
[Round "4"]
[White "Stange, Sven"]
[Black "Ikonnikov, Vyacheslav"]
[Result "0-1"]
[WhiteElo "2110"]
[BlackElo "2553"]
[PlyCount "120"]
[EventDate "2011.07.30"]
[EventType "swiss"]
[EventRounds "9"]
[EventCountry "NED"]
[SourceTitle "CBM 143 Extra"]
[Source "ChessBase"]
[SourceDate "2011.08.29"]
[SourceVersion "1"]
[SourceVersionDate "2011.08.29"]
[SourceQuality "1"]

1. d4 Nf6 2. c4 e6 3. Nf3 b6 4. g3 Ba6 5. b3 d5 6. Bg2 Bb4+ 7. Bd2 Be7 8. Bc3 0-0 9. Ne5 Bb7 10. 0-0 Nbd7 11. Nd2 c5 12. Qc2 Qc7 13. Nxd7 Qxd7 14. Qb2 dxc4 15. Bxb7 Qxb7 16. bxc4 cxd4 17. Bxd4 Rfd8 18. Rfd1 Rd7 19. Nf3 Rc8 20. a4 Qc7 21. Rdc1 Qd8 22. Rc2 Bf8 23. e3 Ne4 24. Qa2 Bb4 25. Qb2 Qf8 26. Rb1 Bc5 27. a5 f6 28. axb6 axb6 29. Bxc5 bxc5 30. Qb6 Qe8 31. Rcb2 g5 32. h3 h5 33. Qa6 g4 34. hxg4 hxg4 35. Nh4 Rcd8 36. Rb7 Kf7 37. Qa7 f5 38. Rd1 Re7 39. Rxe7+ Qxe7 40. Qxe7+ Kxe7 41. Ng6+ Ke8 42. Rxd8+ Kxd8 43. Ne5 Kc7 44. Kf1 Kb6 45. Ke2 Ka5 46. Nd3 Ka4 47. Nf4 Kb3 48. Nxe6 Kxc4 49. Ng7 Nd6 50. f3 Kb3 51. Ne6 c4 52. fxg4 fxg4 53. Nc5+ Kb4 54. Nd7 Ne4 55. Ne5 Kb3 56. Nxg4 c3 57. Ne5 c2 58. Nd3 Kc3 59. Ne1 Kb2 60. Nd3+ Kb1 0-1

[Event "Vlissingen HZ op 15th"]
[Site "Vlissingen"]
[Date "2011.07.31"]
[Round "2"]
[White "Stange, Sven"]
[Black "Sveshnikov, Evgeny"]
[Result "0-1"]
[WhiteElo "2110"]
[BlackElo "2514"]
[PlyCount "52"]
[EventDate "2011.07.30"]
[EventType "swiss"]
[EventRounds "9"]
[EventCountry "NED"]
[SourceTitle "CBM 143 Extra"]
[Source "ChessBase"]
[SourceDate "2011.08.29"]
[SourceVersion "1"]
[SourceVersionDate "2011.08.29"]
[SourceQuality "1"]

1. d4 d5 2. c4 e6 3. Nc3 c6 4. e3 Bd6 5. Nf3 f5 6. Bd3 Nf6 7. b3 0-0 8. Bb2 Ne4 9. Qc2 Nd7 10. h3 Ndf6 11. 0-0-0 b5 12. c5 Bc7 13. Rdg1 a5 14. a4 Nxc3 15. Bxc3 bxa4 16. bxa4 Ba6 17. Bxa6 Rxa6 18. Ne1 Ne4 19. Nd3 Qe7 20. Be1 e5 21. f3 Nf6 22. Bc3 e4 23. Ne5 Bxe5 24. dxe5 Nd7 25. g4 Nxc5 26. gxf5 Rxf5 0-1

[Event "Vlissingen HZ op 14th"]
[Site "Vlissingen"]
[Date "2010.08.09"]
[Round "4"]
[White "Stange, Sven"]
[Black "Van de Braak, Joey"]
[Result "1/2-1/2"]
[WhiteElo "2116"]
[BlackElo "1937"]
[PlyCount "93"]
[EventDate "2010.08.07"]
[EventType "swiss"]
[EventRounds "9"]
[EventCountry "NED"]
[SourceTitle "CBM 137 Extra"]
[Source "ChessBase"]
[SourceDate "2010.09.01"]
[SourceVersion "1"]
[SourceVersionDate "2010.09.01"]
[SourceQuality "1"]

1. d4 d5 2. c4 e5 3. cxd5 Qxd5 4. dxe5 Qxe5 5. Nc3 Bb4 6. Nf3 Bxc3+ 7. bxc3 Qxc3+ 8. Bd2 Qa3 9. e4 Nf6 10. Qb1 Qe7 11. Bd3 0-0 12. 0-0 Nc6 13. Re1 h6 14. Qb3 Rd8 15. Rac1 Bg4 16. Qxb7 Rab8 17. Qxc6 Rxd3 18. Be3 Rb2 19. a4 Qa3 20. Ne5 Rxe3 21. Rxe3 Qa2 22. Nd3 Rd2 23. Qc4 Qxc4 24. Rxc4 Be2 25. Rxe2 Rxe2 26. f3 Ra2 27. g4 Ne8 28. Ne5 f6 29. Nc6 a6 30. Nb8 a5 31. Nc6 Nd6 32. Rd4 Nb7 33. h4 Nc5 34. Rd8+ Kh7 35. Rc8 Rxa4 36. Rxc7 Ra1+ 37. Kg2 a4 38. Ne7 Ne6 39. Ra7 a3 40. Nd5 Kg8 41. h5 Ng5 42. Ne7+ Kf8 43. Ng6+ Ke8 44. f4 Ra2+ 45. Kf1 Ra1+ 46. Kg2 Ra2+ 47. Kf1 1/2-1/2

[Event "Vlissingen HZ op 14th"]
[Site "Vlissingen"]
[Date "2010.08.08"]
[Round "2"]
[White "Stange, Sven"]
[Black "Van den Doel, Erik"]
[Result "0-1"]
[WhiteElo "2116"]
[BlackElo "2591"]
[PlyCount "46"]
[EventDate "2010.08.07"]
[EventType "swiss"]
[EventRounds "9"]
[EventCountry "NED"]
[SourceTitle "CBM 137 Extra"]
[Source "ChessBase"]
[SourceDate "2010.09.01"]
[SourceVersion "1"]
[SourceVersionDate "2010.09.01"]
[SourceQuality "1"]

1. d4 Nf6 2. c4 e6 3. Nf3 b6 4. g3 Ba6 5. b3 d5 6. Bg2 Bb4+ 7. Bd2 Be7 8. Ne5 Bb7 9. 0-0 0-0 10. Bc3 Nbd7 11. Qc2 c5 12. e3 cxd4 13. Bxd4 Qc7 14. Qb2 dxc4 15. Bxb7 Qxb7 16. Nxc4 b5 17. Ne5 Nxe5 18. Bxe5 Rfd8 19. a4 Ng4 20. Bd4 e5 21. Qe2 exd4 22. Qxg4 dxe3 23. fxe3 bxa4 0-1

[Event "Vlissingen HZ op 14th"]
[Site "Vlissingen"]
[Date "2010.08.08"]
[Round "3"]
[White "Van de Braak, Joey"]
[Black "Stange, Sven"]
[Result "0-1"]
[WhiteElo "1937"]
[BlackElo "2116"]
[PlyCount "40"]
[EventDate "2010.08.07"]
[EventType "swiss"]
[EventRounds "9"]
[EventCountry "NED"]
[SourceTitle "CBM 137 Extra"]
[Source "ChessBase"]
[SourceDate "2010.09.01"]
[SourceVersion "1"]
[SourceVersionDate "2010.09.01"]
[SourceQuality "1"]

1. e4 e5 2. d4 exd4 3. Qxd4 Nc6 4. Qe3 Be7 5. Nc3 Nf6 6. Bd2 0-0 7. 0-0-0 Re8 8. f3 Bb4 9. Qf2 d6 10. Bc4 Ne5 11. Bb3 d5 12. Nge2 Bd7 13. a3 Bc5 14. Qh4 Ng6 15. Qg3 b5 16. a4 b4 17. Nxd5 Nxd5 18. Bxd5 Bxa4 19. Bxa8 Qxa8 20. Nf4 Qc6 0-1

[Event "Vlissingen HZ op 13th"]
[Site "Vlissingen"]
[Date "2009.08.07"]
[Round "8"]
[White "Zilverberg, Jasper"]
[Black "Stange, Sven"]
[Result "1/2-1/2"]
[WhiteElo "2015"]
[BlackElo "2130"]
[PlyCount "48"]
[EventDate "2009.08.01"]
[EventType "swiss"]
[EventRounds "9"]
[EventCountry "NED"]
[SourceTitle "CBM 131 Extra"]
[Source "ChessBase"]
[SourceDate "2009.09.03"]
[SourceVersion "2"]
[SourceVersionDate "2009.09.16"]
[SourceQuality "1"]

1. e4 e5 2. f4 exf4 3. Nc3 d6 4. Bc4 Be7 5. d4 Bh4+ 6. Kf1 Nh6 7. Nf3 Ng4 8. Nxh4 Qxh4 9. Qf3 Nxh2+ 10. Rxh2 Qxh2 11. Bxf4 Qh1+ 12. Kf2 Qh4+ 13. Bg3 Qe7 14. e5 dxe5 15. Nd5 Qd7 16. Bxe5 0-0 17. Qf6 gxf6 18. Nxf6+ Kg7 19. Nxd7+ f6 20. Nxf8 fxe5 21. Ne6+ Bxe6 22. Bxe6 exd4 23. Bc8 Nc6 24. Bxb7 Rf8+ 1/2-1/2

[Event "Vlissingen HZ op 13th"]
[Site "Vlissingen"]
[Date "2009.08.05"]
[Round "6"]
[White "Soumya, Swaminathan"]
[Black "Stange, Sven"]
[Result "1-0"]
[WhiteElo "2309"]
[BlackElo "2130"]
[PlyCount "57"]
[EventDate "2009.08.01"]
[EventType "swiss"]
[EventRounds "9"]
[EventCountry "NED"]
[SourceTitle "CBM 131 Extra"]
[Source "ChessBase"]
[SourceDate "2009.09.03"]
[SourceVersion "2"]
[SourceVersionDate "2009.09.16"]
[SourceQuality "1"]

1. e4 e5 2. Nf3 Nf6 3. Nxe5 d6 4. Nf3 Nxe4 5. d4 d5 6. Bd3 Nc6 7. 0-0 Be7 8. Nc3 f5 9. Bf4 Be6 10. Nb5 Rc8 11. Ne5 Nxe5 12. Bxe5 a6 13. f3 Ng5 14. Nc3 0-0 15. Ne2 Nf7 16. Nf4 Qd7 17. Qe2 Nd8 18. Rae1 g6 19. Bxc7 Rxc7 20. Nxe6 Qxe6 21. Qxe6+ Nxe6 22. Rxe6 Bf6 23. c3 Re7 24. Rd6 Re3 25. Rd1 Bh4 26. Rxd5 Rfe8 27. g3 Bf6 28. Kf2 R3e7 29. a4 1-0

[Event "Vlissingen HZ op 12th"]
[Site "Vlissingen"]
[Date "2008.08.09"]
[Round "9"]
[White "Llaneza Vega, Patricia"]
[Black "Stange, Sven"]
[Result "1-0"]
[WhiteElo "2260"]
[BlackElo "2137"]
[PlyCount "33"]
[EventDate "2008.08.02"]
[EventType "swiss"]
[EventRounds "9"]
[EventCountry "NED"]
[SourceTitle "CBM 125 Extra"]
[Source "ChessBase"]
[SourceDate "2008.09.01"]
[SourceVersion "1"]
[SourceVersionDate "2008.09.01"]
[SourceQuality "1"]

1. e4 e5 2. Nc3 Nf6 3. g3 d5 4. exd5 Nxd5 5. Bg2 Be6 6. Nf3 Nc6 7. 0-0 Be7 8. Re1 Nxc3 9. bxc3 Bf6 10. Ba3 Qd7 11. Rb1 0-0-0 12. Qe2 Bd5 13. Qb5 Nb8 14. Qa5 a6 15. c4 b6 16. Qxd5 Qa4 17. Bh3+ 1-0